Анализ и оптимизация гидроразрыва пласта на объекте АВ1 месторождения Томской области; Проблемы геологии и освоения недр; Т. 1

Bibliografiska uppgifter
Parent link:Проблемы геологии и освоения недр: труды XVII Международного симпозиума имени академика М. А. Усова студентов и молодых ученых, Томск, 1-5 апреля 2013 г./ Национальный исследовательский Томский политехнический университет (ТПУ), Институт природных ресурсов (ИПР) ; Общество инженеров-нефтяников, Студенческий чаптер ; под ред. А. Ю. Дмитриева.— , 2013
Т. 1.— 2013.— [С. 798-799]
Huvudupphovsman: Ткачев Д. Г. Дмитрий Георгиевич
Institutionell upphovsman: Национальный исследовательский Томский политехнический университет (ТПУ) Институт природных ресурсов (ИПР) Кафедра геологии и разработки нефтяных месторождений (ГРНМ)
Övriga upphovsmän: Росляк А. Т. Александр Тихонович (научный руководитель), Воробьев Д. В.
Sammanfattning:Заглавие с экрана
Språk:ryska
Publicerad: 2013
Serie:Современные технологии разработки нефтяных и газовых месторождений
Ämnen:
Länkar:http://www.lib.tpu.ru/fulltext/c/2013/C11/V1/407.pdf
Materialtyp: Elektronisk Bokavsnitt
KOHA link:https://koha.lib.tpu.ru/cgi-bin/koha/opac-detail.pl?biblionumber=604908

MARC

LEADER 00000naa2a2200000 4500
001 604908
005 20260217161650.0
035 |a (RuTPU)RU\TPU\conf\2191 
035 |a RU\TPU\conf\2180 
090 |a 604908 
100 |a 20140325d2013 k y0rusy50 ca 
101 0 |a rus 
102 |a RU 
135 |a arnn ---uucaa 
181 0 |a i  
182 0 |a b 
200 1 |a Анализ и оптимизация гидроразрыва пласта на объекте АВ1 месторождения Томской области  |f Д. Г. Ткачев  |g науч. рук. А. Т. Росляк, Д. В. Воробьев 
203 |a Текст  |c электронный 
225 1 |a Современные технологии разработки нефтяных и газовых месторождений 
300 |a Заглавие с экрана 
320 |a [Библиогр.: с. 799 (2 назв.)] 
337 |a Adobe Reader 
461 1 |0 (RuTPU)RU\TPU\conf\37  |t Проблемы геологии и освоения недр  |o труды XVII Международного симпозиума имени академика М. А. Усова студентов и молодых ученых, Томск, 1-5 апреля 2013 г.  |o в 2 т.  |f Национальный исследовательский Томский политехнический университет (ТПУ), Институт природных ресурсов (ИПР) ; Общество инженеров-нефтяников, Студенческий чаптер ; под ред. А. Ю. Дмитриева  |d 2013 
463 1 |0 (RuTPU)RU\TPU\conf\38  |t Т. 1  |v [С. 798-799]  |d 2013 
610 1 |a труды учёных ТПУ 
610 1 |a электронный ресурс 
610 1 |a оптимизация 
610 1 |a гидроразрывы 
610 1 |a пласты 
610 1 |a месторождения 
610 1 |a Томская область 
700 1 |a Ткачев  |b Д. Г.  |c геолог, специалист в области нефтегазового дела  |c ассистент Томского политехнического университета  |f 1990-  |g Дмитрий Георгиевич  |3 (RuTPU)RU\TPU\pers\36824 
702 1 |a Росляк  |b А. Т.  |c геолог  |c профессор Томского политехнического университета, доктор технических наук  |f 1946-  |g Александр Тихонович  |4 727 
702 1 |a Воробьев  |b Д. В.  |4 727 
712 0 2 |a Национальный исследовательский Томский политехнический университет (ТПУ)  |b Институт природных ресурсов (ИПР)  |b Кафедра геологии и разработки нефтяных месторождений (ГРНМ)  |3 (RuTPU)RU\TPU\col\18657 
801 2 |a RU  |b 63413507  |c 20230314  |g RCR 
856 4 |u http://www.lib.tpu.ru/fulltext/c/2013/C11/V1/407.pdf 
942 |c CF